Handbook of artificial intelligence / Upinder Singh. (Record no. 20459)

000 -LEADER
fixed length control field 00470nam a22001457a 4500
020 ## - INTERNATIONAL STANDARD BOOK NUMBER
ISBN 9789352697991
082 ## - DEWEY DECIMAL CLASSIFICATION NUMBER
Classification number 006.302
Item number Si61763 2021
100 ## - MAIN ENTRY--AUTHOR NAME
Personal name Singh, Upinder, author.
245 ## - TITLE STATEMENT
Title Handbook of artificial intelligence / Upinder Singh.
260 ## - PUBLICATION, DISTRIBUTION, ETC. (IMPRINT)
Place of publication New Delhi :
Name of publisher Random Publications,
Year of publication 2024.
300 ## - PHYSICAL DESCRIPTION
Number of Pages viii, 289 pages :
Other physical details illustrations ; 24 cm.
500 ## - GENERAL NOTE
General note Includes bibliographical references and index.
650 ## - SUBJECT ADDED ENTRY--TOPICAL TERM
Topical Term Artificial intelligence.
942 ## - ADDED ENTRY ELEMENTS (KOHA)
Koha item type Books
Holdings
Source of acquisition Permanent Location Date acquired Koha item type Collection code Accession Number Lost status Shelving location Withdrawn status Current Location Full call number
SchoolCagayan State University - Carig Library2025-05-20BooksGeneral Works010786 General Collection Cagayan State University - Carig Library006.302 Si61763 2021

Cagayan State University University Library, Carig Campus
Tuguegarao City, Cagayan 3500 | www.csucarig.edu.ph

Powered by Koha